[Event "Robecchetto op-A 26th"]
[Site "Robecchetto"]
[Date "2015.07.26"]
[Round "4"]
[White "Soncin, Denis"]
[Black "Bianchi, Alberto"]
[Result "1-0"]
[WhiteElo "2030"]
[BlackElo "1876"]
[PlyCount "69"]
[EventDate "2015.07.24"]
[EventType "swiss"]
[EventRounds "5"]
[EventCountry "ITA"]
[SourceTitle "EXT 2016"]
[Source "ChessBase"]
[SourceDate "2015.10.08"]
[SourceVersion "1"]
[SourceVersionDate "2015.10.08"]
[SourceQuality "1"]

1. e4 d5 2. exd5 Nf6 3. Nc3 Nxd5 4. Bc4 Nxc3 5. bxc3 e6 6. Nf3 Be7 7. 0-0 0-0 8. Re1 Nd7 9. d4 c5 10. Qe2 Bf6 11. Bf4 Nb6 12. Bd3 cxd4 13. cxd4 Nd5 14. Qe4 g6 15. Bh6 Bg7 16. Bxg7 Kxg7 17. c4 Nb4 18. a3 Nxd3 19. Qxd3 b6 20. Qe4 Ba6 21. d5 Rc8 22. Rac1 Qd6 23. Ng5 exd5 24. cxd5 Rxc1 25. Rxc1 Qf6 26. h4 Rc8 27. Rc6 Qa1+ 28. Kh2 Rxc6 29. dxc6 Qxa3 30. Qd4+ Kg8 31. Qd8+ Kg7 32. Qd7 Qf8 33. Ne6+ Kg8 34. Nxf8 Kxf8 35. c7 1-0

[Event "Robecchetto Primavera op 12th"]
[Site "Robecchetto"]
[Date "2015.05.21"]
[Round "7"]
[White "Pappalardo, Antonio"]
[Black "Bianchi, Alberto"]
[Result "0-1"]
[WhiteElo "1659"]
[BlackElo "1888"]
[PlyCount "114"]
[EventDate "2015.04.02"]
[EventType "swiss"]
[EventRounds "7"]
[EventCountry "ITA"]
[SourceTitle "EXT 2017"]
[Source "ChessBase"]
[SourceDate "2016.10.25"]
[SourceVersion "1"]
[SourceVersionDate "2016.10.25"]
[SourceQuality "1"]

1. d4 Nf6 2. c4 e6 3. Nf3 b6 4. Nc3 Ba6 5. e3 Be7 6. Bd3 0-0 7. 0-0 c5 8. d5 Bb7 9. e4 d6 10. h3 Na6 11. a3 e5 12. Be3 Bc8 13. Nh2 Ne8 14. Ne2 Bf6 15. Ng3 g6 16. Qd2 Bg7 17. Bg5 f6 18. Bh6 g5 19. Bxg7 Nxg7 20. Nf5 Nxf5 21. exf5 Bd7 22. f3 Nc7 23. b4 Ne8 24. b5 Ng7 25. g4 Kf7 26. a4 a6 27. Rfb1 Rh8 28. a5 axb5 29. axb6 Qxb6 30. cxb5 c4+ 31. Kg2 cxd3 32. Qxd3 Rxa1 33. Rxa1 Rb8 34. Ra6 Qxb5 35. Qxb5 Rxb5 36. Nf1 Rxd5 37. Ne3 Rd2+ 38. Kg3 d5 39. Rd6 Ke7 40. Rxd5 Ra2 41. Rd3 Bc6 42. Rc3 Kd7 43. Nc2 Rb2 44. Ne3 h5 45. h4 gxh4+ 46. Kxh4 Rb1 47. Nc4 Rh1+ 48. Kg3 hxg4 49. fxg4 Rd1 50. Ne3 Rb1 51. Ra3 Ne8 52. Ra7+ Kd6 53. Ra6 Rb3 54. Kf2 Nc7 55. Ra7 Rc3 56. Ke2 Bb5+ 57. Kd2 Rd3+ 0-1

[Event "Robecchetto Autunn op 11th"]
[Site "Robecchetto"]
[Date "2014.10.23"]
[Round "3"]
[White "Libutti, Michele"]
[Black "Bianchi, Alberto"]
[Result "0-1"]
[WhiteElo "1753"]
[BlackElo "1921"]
[PlyCount "138"]
[EventDate "2014.10.09"]
[EventType "swiss"]
[EventRounds "7"]
[EventCountry "ITA"]
[SourceTitle "EXT 2016"]
[Source "ChessBase"]
[SourceDate "2015.10.08"]
[SourceVersion "1"]
[SourceVersionDate "2015.10.08"]
[SourceQuality "1"]

1. d4 Nf6 2. c4 e6 3. Nc3 d5 4. Bg5 Be7 5. e3 h6 6. Bh4 0-0 7. Nf3 b6 8. cxd5 Nxd5 9. Bxe7 Nxe7 10. Bd3 Bb7 11. 0-0 Nd7 12. Qe2 Nf6 13. Rac1 a6 14. Rc2 b5 15. Rfc1 Rc8 16. b4 c6 17. Ne5 a5 18. a3 axb4 19. axb4 Qd6 20. Ne4 Nxe4 21. Bxe4 f6 22. Nd3 Ba8 23. Nc5 Rcd8 24. Qd3 f5 25. Bf3 Rf6 26. Ra2 Nd5 27. Qb3 Rf7 28. Rca1 Bb7 29. Ra7 Bc8 30. Bh5 Rxa7 31. Rxa7 Rf8 32. Bf3 Kh8 33. g3 Nf6 34. Qb2 Bd7 35. Qc3 Be8 36. Nd3 Nd5 37. Qc5 Qxc5 38. dxc5 Kg8 39. Bxd5 exd5 40. Ne5 Rf6 41. Kg2 g5 42. Rc7 f4 43. exf4 gxf4 44. g4 Re6 45. Nd3 Re4 46. Kf3 Rd4 47. Ne5 Rxb4 48. Rc8 Kf8 49. Nxc6 Rc4 50. Ne5 Re4 51. Ng6+ Kf7 52. Nxf4 Rd4 53. Rd8 b4 54. Rxd5 Bc6 55. Ke3 Rxd5 56. Nxd5 Bxd5 57. Kd4 Ke6 58. f4 Kd7 59. g5 h5 60. Kxd5 b3 61. g6 b2 62. c6+ Kc7 63. Ke5 b1Q 64. Kf6 Qb2+ 65. Kg5 Qxh2 66. g7 Qg3+ 67. Kh6 Qxf4+ 68. Kxh5 Qf7+ 69. Kh6 Qg8 0-1

[Event "Robecchetto op-B 24th"]
[Site "Robecchetto"]
[Date "2013.12.29"]
[Round "5"]
[White "Bianchi, Alberto"]
[Black "Macario, Marco"]
[Result "1/2-1/2"]
[WhiteElo "1954"]
[BlackElo "1839"]
[PlyCount "150"]
[EventDate "2013.12.27"]
[EventType "swiss"]
[EventRounds "6"]
[EventCountry "ITA"]
[SourceTitle "EXT 2015"]
[Source "ChessBase"]
[SourceDate "2014.11.20"]
[SourceVersion "1"]
[SourceVersionDate "2014.11.20"]
[SourceQuality "1"]

1. e4 c5 2. Nf3 e6 3. d4 cxd4 4. Nxd4 Nc6 5. Nc3 Qc7 6. g3 Nf6 7. Bg2 Be7 8. 0-0 0-0 9. Nb3 a6 10. Be3 b5 11. Qe2 Bb7 12. Rfd1 Rac8 13. Nc5 d6 14. Nxb7 Qxb7 15. Nb1 e5 16. Nc3 Na5 17. Nd5 Nxd5 18. Rxd5 Nc4 19. Bc1 Rc5 20. Rd3 Rfc8 21. c3 Nb6 22. Be3 R5c6 23. Rad1 Nc4 24. Bc1 Na5 25. Qe1 Qc7 26. Bh3 Rd8 27. b3 Nb7 28. Bg2 Rc8 29. Bb2 Nc5 30. Rd5 Nb7 31. Qd2 Qb6 32. Bh3 Rd8 33. Qe2 Nc5 34. Qd2 Nxe4 35. Qe1 Nf6 36. R5d2 e4 37. Qe2 d5 38. Bg2 Bc5 39. b4 Bf8 40. a3 Re6 41. Bh3 Re7 42. Rd4 g6 43. Bc1 Bg7 44. Bg5 Qc6 45. Qd2 Rc7 46. Bf4 Re7 47. Bg5 Rc7 48. Rc1 Kf8 49. a4 Qb7 50. axb5 axb5 51. Bxf6 Bxf6 52. Bg2 Bxd4 53. Qxd4 Rdc8 54. Bh3 Ra8 55. Qh8+ Ke7 56. Qxh7 Qb6 57. Qh4+ Qf6 58. Qg4 Ra2 59. Rf1 Qf3 60. Qg5+ Qf6 61. Qxd5 Raa7 62. Qxe4+ Kf8 63. Qd5 Qxc3 64. Qxb5 Rab7 65. Qd5 Qxb4 66. Ra1 Ra7 67. Rf1 Re7 68. Qd8+ Kg7 69. Qd1 Rac7 70. Qa1+ Kh7 71. Rb1 Qc3 72. Qxc3 Rxc3 73. Rb4 Re1+ 74. Kg2 Rc2 75. Kf3 Kg7 1/2-1/2

[Event "Robecchetto op-B 24th"]
[Site "Robecchetto"]
[Date "2013.12.27"]
[Round "1"]
[White "Bianchi, Alberto"]
[Black "Griffini, Andrea"]
[Result "1/2-1/2"]
[WhiteElo "1954"]
[BlackElo "1797"]
[PlyCount "118"]
[EventDate "2013.12.27"]
[EventType "swiss"]
[EventRounds "6"]
[EventCountry "ITA"]
[SourceTitle "EXT 2015"]
[Source "ChessBase"]
[SourceDate "2014.11.20"]
[SourceVersion "1"]
[SourceVersionDate "2014.11.20"]
[SourceQuality "1"]

1. e4 Nf6 2. Nc3 d5 3. exd5 Nxd5 4. Qf3 Nxc3 5. Bc4 e6 6. dxc3 Nc6 7. Bf4 Bd6 8. 0-0-0 Qe7 9. Bxd6 cxd6 10. Qg3 0-0 11. Rxd6 e5 12. Rd1 Be6 13. Bxe6 Qxe6 14. Kb1 Rac8 15. Ne2 Qc4 16. Qd3 Qa4 17. Nc1 b5 18. Rhe1 Qa5 19. Nb3 Qb6 20. Qe3 Qb7 21. Rd3 b4 22. f3 a5 23. Nc5 Qb5 24. b3 bxc3 25. Rxc3 Nd4 26. Qxe5 Rfe8 27. Qxd4 Rxe1+ 28. Kb2 Rce8 29. Nd3 R1e2 30. Nf4 Re1 31. Nd3 R1e2 32. a4 Qg5 33. Nf4 Re1 34. g3 Qe7 35. Nd5 Qe2 36. Qd3 Qxh2 37. Rc5 Qg1 38. Rxa5 Rb1+ 39. Ka3 Rb8 40. Rb5 Ra1+ 41. Kb4 Rxb5+ 42. Qxb5 Qe1+ 43. c3 h6 44. a5 Qxg3 45. Qe8+ Kh7 46. Qxf7 Qd6+ 47. Kb5 Qb8+ 48. Nb6 Qe5+ 49. Nd5 Qb8+ 50. Nb6 Qe5+ 51. Qd5 Qxc3 52. b4 Qc7 53. Qe4+ Kg8 54. Qe8+ Kh7 55. Qe4+ Kg8 56. a6 Rd1 57. Qb7 Qe5+ 58. Kc4 Rd4+ 59. Kb3 Rd3+ 1/2-1/2

[Event "Robecchetto Spring op 10th"]
[Site "Robecchetto"]
[Date "2013.04.11"]
[Round "2"]
[White "Bianchi, Alberto"]
[Black "Redamante, Marzio"]
[Result "1-0"]
[WhiteElo "1964"]
[BlackElo "1545"]
[PlyCount "73"]
[EventDate "2013.04.04"]
[EventType "swiss"]
[EventRounds "7"]
[EventCountry "ITA"]
[SourceTitle "EXT 2024"]
[Source "ChessBase"]
[SourceDate "2023.10.10"]
[SourceVersion "1"]
[SourceVersionDate "2023.10.10"]
[SourceQuality "1"]

1. e4 c5 2. Nf3 g6 3. Nc3 Bg7 4. d4 cxd4 5. Nxd4 a6 6. Be3 d6 7. Bc4 Qc7 8. Bb3 Nf6 9. f3 0-0 10. Qd2 Rd8 11. 0-0-0 Nbd7 12. g4 Nc5 13. h4 Nxb3+ 14. axb3 b5 15. Nde2 Bb7 16. Nf4 Qa5 17. Kb1 e6 18. Qf2 b4 19. Bb6 Qe5 20. Nd3 Nxe4 21. fxe4 Qf6 22. Qxf6 Bxf6 23. Bxd8 Rxd8 24. Nxb4 Bxc3 25. bxc3 Bxe4 26. Rhg1 a5 27. Nd3 Rc8 28. Kb2 Rb8 29. Ra1 a4 30. Rxa4 Bf3 31. g5 d5 32. Ra7 Be4 33. Ne5 Rf8 34. Nd7 Rd8 35. Nf6+ Kg7 36. Rga1 Bf5 37. Ra8 1-0

[Event "Ceriano Laghetto op-B 22nd"]
[Site "Ceriano Laghetto"]
[Date "2013.03.02"]
[Round "2"]
[White "Megna, Giuseppe"]
[Black "Bianchi, Alberto"]
[Result "0-1"]
[WhiteElo "1855"]
[BlackElo "1958"]
[PlyCount "110"]
[EventDate "2013.03.01"]
[EventType "swiss"]
[EventRounds "5"]
[EventCountry "ITA"]
[SourceTitle "EXT 2024"]
[Source "ChessBase"]
[SourceDate "2023.10.10"]
[SourceVersion "1"]
[SourceVersionDate "2023.10.10"]
[SourceQuality "1"]

1. d4 d5 2. c4 e6 3. Nc3 Be7 4. Bf4 Nf6 5. e3 0-0 6. Rc1 c5 7. Bd3 cxd4 8. exd4 dxc4 9. Bxc4 Qa5 10. Nf3 Bd7 11. 0-0 Bc6 12. Qe2 Bd5 13. Nxd5 Nxd5 14. Bd2 Qd8 15. Ne5 Nb6 16. Nxf7 Rxf7 17. Bxe6 Kf8 18. Bxf7 Kxf7 19. Qf3+ Kg8 20. Qxb7 N8d7 21. Rfe1 Bf6 22. Qe4 Nf8 23. Be3 Qd7 24. Red1 Rd8 25. Rd2 Ng6 26. Qc6 Qf7 27. Qc7 Qxa2 28. Qb7 Nd5 29. g3 Nge7 30. Rdd1 Qa4 31. Ra1 Qc2 32. Rdc1 Qe2 33. Qb3 a6 34. Re1 Qb5 35. Qxb5 axb5 36. Kf1 Nb4 37. Red1 Ned5 38. Ra5 Nc2 39. Ke2 Re8 40. Kf3 Ncxe3 41. Re1 Bd8 42. Rxb5 Rf8+ 43. Ke2 Nc7 44. Rb8 Ned5 45. f4 Kf7 46. Kd3 Ne6 47. Kc4 Nb6+ 48. Kd3 Nd5 49. Kc4 Nec7 50. b4 Ne7 51. b5 Ncd5 52. Rb7 Ba5 53. Re5 Rc8+ 54. Kb3 Kf6 55. f5 Bc7 0-1

[Event "Ceriano Laghetto op-B 22nd"]
[Site "Ceriano Laghetto"]
[Date "2013.03.01"]
[Round "1"]
[White "Bianchi, Alberto"]
[Black "Giovarruscio, Gabriele"]
[Result "1-0"]
[WhiteElo "1958"]
[BlackElo "1747"]
[PlyCount "97"]
[EventDate "2013.03.01"]
[EventType "swiss"]
[EventRounds "5"]
[EventCountry "ITA"]
[SourceTitle "EXT 2024"]
[Source "ChessBase"]
[SourceDate "2023.10.10"]
[SourceVersion "1"]
[SourceVersionDate "2023.10.10"]
[SourceQuality "1"]

1. e4 c6 2. Nc3 d6 3. Nf3 Bg4 4. Be2 Nf6 5. d4 g6 6. h3 Bxf3 7. Bxf3 Bg7 8. Be3 Nbd7 9. Qd2 a5 10. a4 Qc7 11. 0-0 0-0 12. Rfb1 e6 13. Ne2 Nb6 14. Qd3 Rac8 15. c4 d5 16. cxd5 exd5 17. e5 Nfd7 18. Bf4 Qd8 19. b4 Nc4 20. bxa5 Nxa5 21. Bd2 Rb8 22. Ra3 Nc4 23. Rab3 Ndb6 24. Rxb6 Nxb6 25. Ba5 Qh4 26. Bxb6 Ra8 27. a5 Rfe8 28. Kh2 h5 29. g3 Qe7 30. Bg2 h4 31. f4 hxg3+ 32. Nxg3 Qh4 33. Rf1 f5 34. Ne2 Kf7 35. Nc1 Rh8 36. Nb3 Bf8 37. Qe3 Bb4 38. e6+ Ke7 39. Qe5 Bd6 40. Bc5 Bxc5 41. Nxc5 Rh7 42. Nxb7 Rah8 43. Qd6+ Kf6 44. e7+ Kf7 45. Nd8+ Ke8 46. Qxg6+ Kxe7 47. Nxc6+ Kd7 48. Ne5+ Ke7 49. Rf3 1-0

[Event "Maringa op 2nd"]
[Site "Maringa"]
[Date "2012.08.08"]
[Round "1"]
[White "Bueno, Alfeu Varela Jr"]
[Black "Bianchi, Alberto"]
[Result "0-1"]
[WhiteElo "2288"]
[BlackElo "1853"]
[PlyCount "102"]
[EventDate "2012.08.08"]
[EventType "swiss"]
[EventRounds "9"]
[EventCountry "BRA"]
[SourceTitle "CBM 149 Extra"]
[Source "ChessBase"]
[SourceDate "2012.08.24"]
[SourceVersion "1"]
[SourceVersionDate "2012.08.24"]
[SourceQuality "1"]

1. e4 Nf6 2. e5 Nd5 3. d4 d6 4. c4 Nb6 5. exd6 cxd6 6. Nc3 g6 7. Be3 Bg7 8. Rc1 0-0 9. b3 Nc6 10. d5 Ne5 11. Be2 Ned7 12. Bd4 Nf6 13. Nf3 Re8 14. 0-0 e5 15. dxe6 Bxe6 16. Qd2 d5 17. c5 Nbd7 18. Qb2 Nh5 19. Bxg7 Nxg7 20. Nb5 Re7 21. b4 a6 22. Nd6 Qc7 23. Qd4 Ne8 24. Qh4 f6 25. Qg3 Nf8 26. Nd4 Rd8 27. N4f5 Bxf5 28. Nxf5 Rxe2 29. Nh6+ Kg7 30. Nf5+ Kh8 31. Qf3 Re4 32. Ne3 Qf4 33. Qxf4 Rxf4 34. a3 Re4 35. Rfd1 Nc7 36. Nc4 Re7 37. Nd6 Nb5 38. Rxd5 Nxd6 39. cxd6 Red7 40. Rcd1 Kg7 41. f4 Kf7 42. g4 Ne6 43. f5 Ng5 44. Rc1 Nf3+ 45. Kg2 Ne5 46. Rcd1 Nxg4 47. Kf3 Nh6 48. fxg6+ hxg6 49. h4 Ke6 50. R5d2 Nf7 51. Re1+ Ne5+ 0-1

[Event "Robecchetto op 22nd"]
[Site "Robecchetto"]
[Date "2011.12.28"]
[Round "3"]
[White "Vogel, Joerg"]
[Black "Bianchi, Alberto"]
[Result "1-0"]
[WhiteElo "2047"]
[BlackElo "2017"]
[PlyCount "115"]
[EventDate "2011.12.27"]
[EventType "swiss"]
[EventRounds "6"]
[EventCountry "ITA"]
[SourceTitle "EXT 2014"]
[Source "ChessBase"]
[SourceDate "2013.11.20"]
[SourceVersion "1"]
[SourceVersionDate "2013.11.20"]
[SourceQuality "1"]

1. d4 d5 2. c4 e6 3. Nc3 Be7 4. Nf3 Nf6 5. Bg5 0-0 6. e3 Nbd7 7. Qc2 c6 8. Rd1 Nh5 9. Bxe7 Qxe7 10. Bd3 Nhf6 11. 0-0 dxc4 12. Bxc4 Nb6 13. Bd3 Nbd5 14. a3 g6 15. Rfe1 Nxc3 16. Qxc3 Nd5 17. Qc1 Kg7 18. e4 Nb6 19. d5 cxd5 20. exd5 Nxd5 21. Bxg6 hxg6 22. Rxd5 b6 23. Qd2 Ba6 24. Rd7 Qf6 25. Ne5 Bb5 26. Rc7 Rad8 27. Qc3 a6 28. h3 Kg8 29. b3 Rd5 30. a4 Be8 31. Ra7 a5 32. Qe3 g5 33. Ra6 b5 34. axb5 Rxb5 35. Nc4 Qd8 36. Ra1 f6 37. Rxe6 Bf7 38. Ra6 Re8 39. Qc3 Kg7 40. R6xa5 Rxa5 41. Rxa5 Kg8 42. Ra6 Kg7 43. Ne3 Re5 44. b4 Be6 45. Ra7+ Bf7 46. Ra5 Qb8 47. Rxe5 fxe5 48. Ng4 Qd8 49. Qxe5+ Kg6 50. Ne3 Ba2 51. Qf5+ Kg7 52. b5 Kh6 53. Ng4+ Kg7 54. Ne5 Qd1+ 55. Kh2 Qc1 56. b6 Bb1 57. Qf7+ Kh8 58. b7 1-0

[Event "Robecchetto op-A 21th"]
[Site "Robecchetto"]
[Date "2010.12.28"]
[Round "3"]
[White "Siclari, Giovanni"]
[Black "Bianchi, Alberto"]
[Result "1-0"]
[WhiteElo "1926"]
[BlackElo "2049"]
[PlyCount "91"]
[EventDate "2010.12.27"]
[EventType "swiss"]
[EventRounds "6"]
[EventCountry "ITA"]
[SourceTitle "EXT 2024"]
[Source "ChessBase"]
[SourceDate "2023.10.10"]
[SourceVersion "1"]
[SourceVersionDate "2023.10.10"]
[SourceQuality "1"]

1. f4 d5 2. Nf3 c6 3. g3 Bg4 4. Bg2 Bxf3 5. Bxf3 e6 6. d3 Qb6 7. c3 Nf6 8. Qb3 Nbd7 9. Qxb6 Nxb6 10. a4 a5 11. Be3 Nbd7 12. Nd2 Be7 13. Nb3 0-0 14. Bf2 e5 15. e4 Rfe8 16. 0-0-0 Rec8 17. Rhe1 Bd6 18. d4 exd4 19. e5 dxc3 20. exd6 cxb2+ 21. Kxb2 b5 22. Nc5 Nxc5 23. Bxc5 Nd7 24. Rc1 bxa4 25. Bg4 Rcb8+ 26. Ka2 Nf6 27. Bf5 Rb7 28. Rb1 Rb5 29. Rxb5 cxb5 30. d7 g6 31. Be7 Nxd7 32. Bxd7 Rb8 33. Bf6 b4 34. Re8+ Rxe8 35. Bxe8 d4 36. Bxd4 Kf8 37. Bxa4 Ke7 38. Kb3 Ke6 39. Bb6 Kf5 40. Bxa5 Kg4 41. Be8 f6 42. Bd8 f5 43. h4 Kxg3 44. Bg5 Kg4 45. Bxg6 hxg6 46. Kxb4 1-0

[Event "Robecchetto op 20th"]
[Site "Robecchetto"]
[Date "2009.12.29"]
[Round "4"]
[White "Bianchi, Alberto"]
[Black "Barberi, Alessandro"]
[Result "1/2-1/2"]
[WhiteElo "2014"]
[BlackElo "2092"]
[PlyCount "21"]
[EventDate "2009.12.27"]
[EventType "swiss"]
[EventRounds "6"]
[EventCountry "ITA"]
[SourceTitle "CBM 134 Extra"]
[Source "ChessBase"]
[SourceDate "2010.03.03"]
[SourceVersion "1"]
[SourceVersionDate "2010.03.03"]
[SourceQuality "1"]

1. e4 g6 2. d4 Bg7 3. Nc3 d6 4. Be3 a6 5. Qd2 Nd7 6. f3 b5 7. 0-0-0 Bb7 8. Kb1 Rc8 9. Nce2 c5 10. e5 cxd4 11. Bxd4 1/2-1/2

[Event "Porto San Giorgio op-A 21st"]
[Site "Porto San Giorgio"]
[Date "2009.08.21"]
[Round "1"]
[White "Bianchi, Alberto"]
[Black "Izsak, Gyula"]
[Result "0-1"]
[WhiteElo "2014"]
[BlackElo "2444"]
[PlyCount "70"]
[EventDate "2009.08.21"]
[EventType "swiss"]
[EventRounds "9"]
[EventCountry "ITA"]
[SourceTitle "CBM 131 Extra"]
[Source "ChessBase"]
[SourceDate "2009.09.03"]
[SourceVersion "2"]
[SourceVersionDate "2009.09.16"]
[SourceQuality "1"]

1. e4 c5 2. Nf3 e6 3. Nc3 a6 4. d4 cxd4 5. Nxd4 Qc7 6. Be2 Nf6 7. 0-0 Nc6 8. Nxc6 bxc6 9. Kh1 d5 10. exd5 cxd5 11. Bf3 Bb7 12. Ne2 Bd6 13. Bg5 Nd7 14. g3 0-0 15. Bg2 Nc5 16. Be3 Rfd8 17. Bxc5 Bxc5 18. Nf4 Bd6 19. Nd3 e5 20. Ne1 Rab8 21. c3 a5 22. f3 h5 23. f4 Ba6 24. Rf2 Bc5 25. Rc2 exf4 26. gxf4 Be3 27. Qxh5 Rb6 28. Rd1 Bxf4 29. h3 Bb7 30. Rd4 Rh6 31. Qf3 Rf6 32. Qh5 g6 33. Qd1 Be5 34. Rg4 d4 35. cxd4 Rf1# 0-1

[Event "Robecchetto op-A 19th"]
[Site "Robecchetto"]
[Date "2008.12.30"]
[Round "6"]
[White "Barlocco, Carlo"]
[Black "Bianchi, Alberto"]
[Result "0-1"]
[WhiteElo "2144"]
[BlackElo "2002"]
[PlyCount "88"]
[EventDate "2008.12.27"]
[EventType "swiss"]
[EventRounds "6"]
[EventCountry "ITA"]
[SourceTitle "EXT 2011"]
[Source "ChessBase"]
[SourceDate "2010.11.26"]
[SourceVersion "1"]
[SourceVersionDate "2010.11.26"]
[SourceQuality "1"]

1. d4 d5 2. Nf3 Nf6 3. Bf4 e6 4. e3 Be7 5. h3 0-0 6. Bd3 Nbd7 7. 0-0 c5 8. c3 a6 9. a4 b6 10. Nbd2 Bb7 11. Bh2 Re8 12. Ne5 Nxe5 13. dxe5 Nd7 14. Qh5 g6 15. Qg4 h5 16. Qe2 Bf8 17. g4 hxg4 18. Qxg4 Bg7 19. f4 d4 20. Nc4 Qc7 21. Nd6 Nf8 22. exd4 Red8 23. Rfe1 Ra7 24. Bg3 Ba8 25. dxc5 bxc5 26. Bf2 Rxd6 27. exd6 Qxd6 28. Rad1 Qc7 29. Re2 f5 30. Qg3 Qc6 31. Kh2 Rd7 32. Ree1 Bh6 33. Rg1 Rb7 34. Bf1 Qxa4 35. b3 Rxb3 36. Qd3 Rb2 37. Be2 Be4 38. Qe3 e5 39. Bg3 exf4 40. Bxf4 Bxf4+ 41. Qxf4 Rxe2+ 42. Kg3 Qc2 43. Qf1 Qxc3+ 44. Kf4 Qe3+ 0-1

[Event "Robecchetto op-A 19th"]
[Site "Robecchetto"]
[Date "2008.12.27"]
[Round "2"]
[White "Mazzariol, Oscar"]
[Black "Bianchi, Alberto"]
[Result "1-0"]
[WhiteElo "2070"]
[BlackElo "2002"]
[PlyCount "57"]
[EventDate "2008.12.27"]
[EventType "swiss"]
[EventRounds "6"]
[EventCountry "ITA"]
[SourceTitle "EXT 2011"]
[Source "ChessBase"]
[SourceDate "2010.11.26"]
[SourceVersion "1"]
[SourceVersionDate "2010.11.26"]
[SourceQuality "1"]

1. d4 d5 2. c4 e6 3. Nc3 Be7 4. Nf3 Nf6 5. g3 a6 6. Bg2 Nbd7 7. 0-0 Rb8 8. cxd5 exd5 9. Ne5 Nb6 10. a4 Be6 11. f4 g6 12. e3 Qc8 13. a5 Nc4 14. Qa4+ c6 15. e4 0-0 16. Nxc4 dxc4 17. Kh1 Rd8 18. Be3 b5 19. axb6 Rxb6 20. Qc2 Ng4 21. Bg1 f5 22. d5 c5 23. dxe6 Qxe6 24. e5 h5 25. Rfd1 Rdb8 26. Bd5 Qxd5+ 27. Nxd5 Rxb2 28. Nxe7+ Kh7 29. Qxc4 1-0

[Event "Robecchetto op"]
[Site "Robecchetto"]
[Date "2004.12.29"]
[Round "5"]
[White "Bianchi, Alberto"]
[Black "Temi, Walter"]
[Result "1-0"]
[WhiteElo "2046"]
[BlackElo "2099"]
[PlyCount "75"]
[EventDate "2004.12.27"]
[EventType "swiss"]
[EventRounds "6"]
[EventCountry "ITA"]
[SourceTitle "CBM 104 Extra"]
[Source "ChessBase"]
[SourceDate "2005.03.01"]
[SourceVersion "1"]
[SourceVersionDate "2005.03.01"]
[SourceQuality "1"]

1. e4 b6 2. Nf3 Bb7 3. Nc3 e6 4. Be2 Nf6 5. d3 d6 6. 0-0 Nbd7 7. Bf4 a6 8. e5 dxe5 9. Nxe5 Bd6 10. d4 0-0 11. Bf3 Nd5 12. Nxd5 exd5 13. c4 f6 14. Nd3 Re8 15. Bxd6 cxd6 16. Nf4 Rc8 17. cxd5 Nf8 18. Re1 Rxe1+ 19. Qxe1 Rc2 20. Bd1 Rc4 21. Qe3 Rc7 22. Bb3 Re7 23. Qd2 b5 24. h3 a5 25. a3 Qb6 26. Rd1 Qa7 27. Ba2 Qa8 28. Re1 Rxe1+ 29. Qxe1 g5 30. Nh5 Kf7 31. Qe4 Qc8 32. Qe1 Qa8 33. Ng3 Bxd5 34. Bxd5+ Qxd5 35. Qxa5 Kg6 36. Qd8 Ne6 37. Qe8+ Kh6 38. Qf7 1-0

[Event "Robecchetto op"]
[Site "Robecchetto"]
[Date "2004.12.27"]
[Round "2"]
[White "Bianchi, Alberto"]
[Black "Barlocco, Carlo"]
[Result "0-1"]
[WhiteElo "2046"]
[BlackElo "2108"]
[PlyCount "120"]
[EventDate "2004.12.27"]
[EventType "swiss"]
[EventRounds "6"]
[EventCountry "ITA"]
[SourceTitle "CBM 104 Extra"]
[Source "ChessBase"]
[SourceDate "2005.03.01"]
[SourceVersion "1"]
[SourceVersionDate "2005.03.01"]
[SourceQuality "1"]

1. e4 c5 2. Nf3 Nc6 3. Nc3 Nf6 4. d4 cxd4 5. Nxd4 Qb6 6. Nxc6 dxc6 7. Be2 e5 8. 0-0 Be7 9. Rb1 Be6 10. Be3 Qa5 11. a3 0-0 12. Qe1 Rfd8 13. Nd5 Qxe1 14. Nxe7+ Kf8 15. Rfxe1 Kxe7 16. f3 Kd7 17. Rbd1+ Kc7 18. Rxd8 Rxd8 19. Rd1 Rxd1+ 20. Bxd1 Ne8 21. b3 Nd6 22. c4 b6 23. g4 c5 24. a4 Nb7 25. Kf2 Na5 26. f4 f6 27. h4 Nc6 28. f5 Bd7 29. Bd2 a5 30. h5 Ne7 31. Ke3 Kd8 32. Kd3 Ke8 33. g5 Kf7 34. g6+ hxg6 35. hxg6+ Kf8 36. Bf3 Bc6 37. Bd1 Nc8 38. Ke3 Bd7 39. Bc2 Ne7 40. Be1 Nc6 41. Bd1 Nd4 42. Bd2 Ke7 43. Bc1 Nxf5+ 44. exf5 Bxf5 45. Kf3 Bxg6 46. Kg4 Ke6 47. Bb2 Bf5+ 48. Kg3 Bd3 49. Kf3 f5 50. Ke3 Be4 51. Bc3 g5 52. Be1 Kf6 53. Bf2 Bc6 54. Bc2 f4+ 55. Ke2 e4 56. Be1 Ke5 57. Bc3+ Kf5 58. Be1 Kg4 59. Bc3 Kg3 60. Be5 Kg2 0-1